Technika stlačeného vzduchu : Návody na cvičenia

Salvato in:
Dettagli Bibliografici
Autori principali: Horák, Miloslav (Autore), Vančura, Peter (Autore)
Natura: Libro
Lingua:slovacco
Pubblicazione: bratislava : STU v Bratislave, 1994
Edizione:2. vyd.
Tags: Aggiungi Tag
Nessun Tag, puoi essere il primo ad aggiungerne!!

MARC

LEADER 00000nam a22000003a 4500
001 stu75385
005 20150617225644.1
008 020408s1994----xo------------------slo-d
020 |a 80-227-0661-2 
040 |a STU  |b slo 
041 0 |a slo 
044 |a xo 
080 |a 621.51 
100 1 |a Horák, Miloslav  |4 aut 
245 1 |a Technika stlačeného vzduchu :  |b Návody na cvičenia 
250 |a 2. vyd. 
260 |a bratislava :  |b STU v Bratislave,  |c 1994 
300 |a 191 s 
700 1 |a Vančura, Peter  |4 aut 
996 |b 284J006166  |c J*2460-1  |l JJSK  |s A  |a 24  |w stu75385_0001 
996 |b 284J006167  |c J*2460-2  |l JJSK  |s A  |a 24  |w stu75385_0002 
996 |b 284J006377  |c J*2460-6  |l JJSK  |s A  |a 24  |w stu75385_0003 
996 |b 284J006372  |c J*2460-7  |l JJSK  |s A  |a 24  |w stu75385_0004 
996 |b 284J006685  |c J*2460-3  |l JJSK  |s A  |a 24  |w stu75385_0005 
996 |b 284J006686  |c J*2460-4  |l JJSK  |s A  |a 24  |w stu75385_0006 
996 |b 284J006687  |c J*2460-5  |l JJSK  |s A  |a 24  |w stu75385_0007 
996 |b 284J006688  |c J*2460-8  |l JJSK  |s A  |a 24  |w stu75385_0008 
996 |b 284J006689  |c J*2460-9  |l JJSK  |s A  |a 24  |w stu75385_0009 
996 |b 284J006690  |c J*2460-10  |l JJSK  |s A  |a 24  |w stu75385_0010